Friends ou The Big Bang Theory - Statistiques

Statistiques générales
  • Ce quiz a été pris 2 210 fois
  • Le résultat moyen est 40 sur 50
Statistiques - réponses
Hint Réponse % Correct
Rachel Karen Green Friends
99%
Monica E. Geller-Bing Friends
99%
Leonard Hofstadter The Big Bang Theory
99%
Sheldon Cooper The Big Bang Theory
98%
Phoebe Buffay Hannigan Friends
97%
Joseph "Joey" Francis Tribbiani Friends
97%
Chandler Muriel Bing Friends
97%
Ross Eustace Geller Friends
97%
Rajesh Ramayan « Raj » Koothrappali The Big Bang Theory
97%
Bernadette Maryann Rostenkowski The Big Bang Theory
97%
Howard Joël Wolowitz The Big Bang Theory
96%
Penny The Big Bang Theory
95%
Gunther Friends
93%
Janice Littman Guralnick Friends
93%
Stuart Bloom The Big Bang Theory
93%
V. M. Koothrappali The Big Bang Theory
91%
Ursula Pamela Buffay Friends
90%
Amy Farrah Fowler The Big Bang Theory
90%
Frank Buffay, Jr. Friends
89%
Président Siebert The Big Bang Theory
88%
Leslie Winkle The Big Bang Theory
86%
Wil Wheaton The Big Bang Theory
86%
Mary Cooper The Big Bang Theory
86%
Susan Bunch Friends
85%
Carol Willick Friends
84%
Mike Hannigan Friends
84%
Richard Burke Friends
84%
Bertram « Bert » Kibbler The Big Bang Theory
80%
Ramona Nowitzki The Big Bang Theory
77%
Eric Gablehauser The Big Bang Theory
76%
Stéphanie Barnet The Big Bang Theory
75%
Emily Waltham Friends
74%
Monsieur Heckles Friends
74%
Monsieur Treeger Friends
70%
Pete Becker Friends
70%
Alex Jensen The Big Bang Theory
69%
Greg Pemberton The Big Bang Theory
69%
Joshua Bergin Friends
68%
Barry Kripke The Big Bang Theory
67%
Janine Lecroix Friends
65%
Kevin Campbell The Big Bang Theory
65%
Zack Johnson The Big Bang Theory
65%
Althea Davis The Big Bang Theory
62%
Elizabeth Stevens Friends
58%
Estelle Leonard Friends
55%
Mark Robinson Friends
51%
Charlie Wheeler Friends
49%
Eddie Minowick Friends
48%
Richard Williams The Big Bang Theory
43%
Emily Sweeney The Big Bang Theory
38%
Aucun quiz correspondant
Distribution des résultats
% des personnes avec chaque résultat
Percentile par nombre de réponses
Votre historique - résultats
Vous n’avez pas pris ce quiz